<?xml version="1.0" encoding="UTF-8"?>
<record
    xmlns:xsi="http://www.w3.org/2001/XMLSchema-instance"
    xsi:schemaLocation="http://www.loc.gov/MARC21/slim http://www.loc.gov/standards/marcxml/schema/MARC21slim.xsd"
    xmlns="http://www.loc.gov/MARC21/slim">

  <leader>00673cam a2200205 i 4500</leader>
  <datafield tag="999" ind1=" " ind2=" ">
    <subfield code="c">57374</subfield>
    <subfield code="d">57374</subfield>
  </datafield>
  <controlfield tag="001">18829372</controlfield>
  <controlfield tag="003">GE_BSU</controlfield>
  <controlfield tag="005">20220928115337.0</controlfield>
  <controlfield tag="008">151023s2016    enka     b    001 0 eng  </controlfield>
  <datafield tag="020" ind1=" " ind2=" ">
    <subfield code="a">9780199656103  </subfield>
  </datafield>
  <datafield tag="020" ind1=" " ind2=" ">
    <subfield code="a">9780198832003  </subfield>
  </datafield>
  <datafield tag="080" ind1=" " ind2=" ">
    <subfield code="a">616(075.8) O - 97</subfield>
  </datafield>
  <datafield tag="245" ind1="0" ind2="0">
    <subfield code="a">Oxford textbook of oncology /</subfield>
    <subfield code="c">edited by David J. Kerr [and three others].</subfield>
  </datafield>
  <datafield tag="250" ind1=" " ind2=" ">
    <subfield code="a">Third edition.</subfield>
  </datafield>
  <datafield tag="264" ind1=" " ind2="1">
    <subfield code="a">Oxford, United Kingdom :</subfield>
    <subfield code="b">Oxford University Press,</subfield>
    <subfield code="c">2016.</subfield>
  </datafield>
  <datafield tag="300" ind1=" " ind2=" ">
    <subfield code="a">1007 pages :</subfield>
    <subfield code="b">illustrations (chiefly color) ;</subfield>
    <subfield code="c">29 cm.</subfield>
  </datafield>
  <datafield tag="653" ind1=" " ind2=" ">
    <subfield code="a">&#x10E1;&#x10D8;&#x10DB;&#x10E1;&#x10D8;&#x10D5;&#x10DC;&#x10D4;</subfield>
  </datafield>
  <datafield tag="700" ind1="1" ind2=" ">
    <subfield code="a">Kerr, David J.,</subfield>
    <subfield code="e">&#x10E0;&#x10D4;&#x10D3;&#x10D0;&#x10E5;&#x10E2;&#x10DD;&#x10E0;&#x10D8;</subfield>
    <subfield code="9">8362</subfield>
  </datafield>
  <datafield tag="942" ind1=" " ind2=" ">
    <subfield code="2">udc</subfield>
    <subfield code="c">BK</subfield>
  </datafield>
  <datafield tag="952" ind1=" " ind2=" ">
    <subfield code="0">0</subfield>
    <subfield code="1">0</subfield>
    <subfield code="2">udc</subfield>
    <subfield code="4">0</subfield>
    <subfield code="6">6160758_O__97</subfield>
    <subfield code="7">0</subfield>
    <subfield code="9">89084</subfield>
    <subfield code="a">CPL</subfield>
    <subfield code="b">CPL</subfield>
    <subfield code="c">GEN</subfield>
    <subfield code="d">2020-06-11</subfield>
    <subfield code="g">402.00</subfield>
    <subfield code="o">616(075.8)  O - 97</subfield>
    <subfield code="p">60579</subfield>
    <subfield code="r">2020-06-11</subfield>
    <subfield code="t">60579</subfield>
    <subfield code="w">2020-06-11</subfield>
    <subfield code="y">BK</subfield>
    <subfield code="z">402 gel.</subfield>
  </datafield>
</record>
